| Tag |
First Indicator |
Second Indicator |
Subfields |
| LEADER |
00000cam a22000004a 4500 |
| 001 |
in00003403921 |
| 005 |
20190405201928.0 |
| 006 |
m d |
| 007 |
cr |||||||nn|n |
| 008 |
110907s2012 nyu o d eng d |
| 010 |
|
|
|z 2011037289
|
| 020 |
|
|
|a 9781438443065
|
| 020 |
|
|
|z 9781438443058 (hardcover : alk. paper)
|
| 035 |
|
|
|a (MdBmJHUP)muse9781438443065
|
| 040 |
|
|
|a MdBmJHUP
|c MdBmJHUP
|d UtOrBLW
|
| 043 |
|
|
|a n-us---
|
| 050 |
0 |
0 |
|a JK1130
|b .C35 2012
|
| 082 |
0 |
0 |
|a 328.73/073
|2 23
|
| 100 |
1 |
|
|a Caress, Stanley Malcolm.
|
| 245 |
1 |
0 |
|a Term limits and their consequences :
|b the aftermath of legislative reform /
|c Stanley M. Caress and Todd Kunioka.
|
| 264 |
|
1 |
|a Albany :
|b State University of New York Press,
|c 2012.
|
| 300 |
|
|
|a 1 online resource (160 pages)
|
| 336 |
|
|
|a text
|b txt
|2 rdacontent
|
| 337 |
|
|
|a computer
|b c
|2 rdamedia
|
| 338 |
|
|
|a online resource
|b cr
|2 rdacarrier
|
| 504 |
|
|
|a Includes bibliographical references and index.
|
| 505 |
0 |
|
|a Introduction -- Movement to establish term limits -- Why were term limits so popular -- Impact on the election of women -- Impact on the election of minority candidates -- Consequences of term limit enactment on career paths -- Changes in legislative leadership -- Insiders' views of term limits -- The future of term limits in the states and on Congress -- Conclusion.
|
| 588 |
|
|
|a Description based on print version record.
|
| 500 |
|
|
|a Electronic resource.
|
| 610 |
1 |
0 |
|a United States.
|b Congress
|x Term of office.
|
| 650 |
|
0 |
|a Term limits (Public office)
|z United States
|x States.
|
| 650 |
|
0 |
|a Term limits (Public office)
|z United States.
|
| 650 |
|
0 |
|a Legislators
|x Term of office
|z United States
|x States.
|
| 650 |
|
0 |
|a Legislators
|x Term of office
|z United States.
|
| 655 |
|
7 |
|a Electronic books.
|2 local
|
| 700 |
1 |
|
|a Kunioka, Todd.
|
| 856 |
4 |
0 |
|u http://proxy.library.tamu.edu/login?url=http://muse.jhu.edu/books/9781438443065/
|z Connect to the full text of this electronic book
|t 0
|
| 999 |
|
|
|a MARS
|
| 999 |
f |
f |
|s b38e2663-a1c2-3d7e-b6dd-6f633a62f824
|i 64769f19-b4c4-3176-a98a-2dd6df81c4bc
|t 0
|
| 952 |
f |
f |
|a Texas A&M University
|b College Station
|c Electronic Resources
|d Available Online
|t 0
|e JK1130 .C35 2012
|h Library of Congress classification
|
| 998 |
f |
f |
|a JK1130 .C35 2012
|t 0
|l Available Online
|